Germany's biggest car manufacturer - Statistics

General Stats
  • This quiz has been taken 36 times
  • The average score is 5 of 6
Answer Stats
Answer % Correct
BMW
97%
Volkswagen
97%
Mercedes
91%
Audi
82%
Porsche
74%
Opel
68%
No matching quizzes found
Score Distribution
Percent of People with Each Score
Percentile by Number Answered
Your Score History
You have not taken this quiz